00397nam a22001337a 4500003001100000005001700011008004100028040003900069041000800108082000800116100001500124245006300139260006100202LK-CoMWRAF20240701183227.0240701b1995 |||||||| |||| 00| 0 eng d aLK-CoMWRAFdLK-CoMWRAFeLK-CoMWRAF aeng bGHA aGhai, Yash adecentralisation and the accommodation of ethnic diversity aColombo:bInternational Centre for Ethnic Studies,c1995